000 00645nam a2200205 4500
001 1868
005 20181127164126.0
010 0 0 _a
020 0 0 _a0884872688
090 0 0 _a387.7 J549f 2000
100 0 0 _a
245 0 0 _aFAR/AIM 2000 :
_bFederal aviation regulations / Aeronautical information manual.
_c
_h
250 0 0 _a
260 0 0 _aEnglewood, CO :
_bJeppesen Sanderson, Inc.,
_c1999.
300 0 0 _av. : ill.
500 0 0 _a"Jeppesen Sanderson Training Products"
650 0 0 _aAeronautics --Law and legislation --United States.
_x
650 0 0 _aAir-pilot guides --United States.
_x
650 0 0 _aAirplanes --Piloting --Handbooks, manuals, etc.
_x
999 _c1430
_d1430